| 000 | 01360nam0a2200349 4500 | ||
|---|---|---|---|
| 001 | RU\NLR\bibl\105446 | ||
| 005 | 20260405092235.0 | ||
| 010 |
_a5-283-03063-6 _91500 |
||
| 021 |
_aRU _b2000-25229 _91195 |
||
| 035 | _a(NLR Aleph) 000103179 | ||
| 090 |
_a583331 _c583331 |
||
| 100 | _a20000828d1999 |||y0rusy50 ca | ||
| 101 | 0 | _arus | |
| 102 | _aRU | ||
| 105 | _aa ||||||||| | ||
| 200 | 1 |
_aСправочник по радиационной безопасности _fВ.Ф. Козлов |
|
| 205 | _a5-е изд., перераб. и доп. | ||
| 210 |
_aМ. _cЭнергоатомиздат _d1999 |
||
| 215 |
_a514,[1] с. _cил. _d21 |
||
| 320 | _aБиблиогр.: с. 507-511 (80 назв.) | ||
| 606 | 0 |
_aРадиоактивное излучение _jСправочники _xТехника безопасности _92038596 _3RU\NLR\auth\66939650 |
|
| 606 | 0 |
_aРадиационная гигиена _jСправочники _91059641 _3RU\NLR\auth\6692636 |
|
| 686 | _aЗ4н636 | ||
| 686 | _aР126я22 | ||
| 700 | 1 |
_4070 _7ca _8rus _aКозлов _bВ. Ф. _cд-р физ.-мат. наук _gВладимир Федорович _916419 _3RU\NLR\auth\7733411 |
|
| 801 | 0 |
_aRU _bNLR _c20000828 _gPSBO |
|
| 801 | 1 |
_aRU _bNLR _c20000828 |
|
| 830 | _aАвт. по кн. | ||
| 852 |
_aNLR _j2000-5/2185 |
||
| 942 | _cBOOK | ||
| 980 | _aNB | ||